Community mental health and the criminal justice system/ (Record no. 261)
[ view plain ]
| 000 -LEADER | |
|---|---|
| fixed length control field | 00815nam a2200217 a 4500 |
| 005 - DATE AND TIME OF LATEST TRANSACTION | |
| control field | 20260322212012.0 |
| 008 - FIXED-LENGTH DATA ELEMENTS--GENERAL INFORMATION | |
| fixed length control field | data |
| 010 ## - LIBRARY OF CONGRESS CONTROL NUMBER | |
| LC control number | 74-28001 |
| 020 ## - INTERNATIONAL STANDARD BOOK NUMBER | |
| International Standard Book Number | 0080187587 |
| 020 ## - INTERNATIONAL STANDARD BOOK NUMBER | |
| International Standard Book Number | 978-0-08-018758-7 |
| 096 ## - LOCALLY ASSIGNED NLM-TYPE CALL NUMBER (OCLC) | |
| Classification number | WM 32 M748c 1976 |
| 001 - CONTROL NUMBER | |
| control field | data |
| 100 1# - MAIN ENTRY--PERSONAL NAME | |
| Personal name | Monahan, John, |
| Dates associated with a name | 1946- |
| 245 10 - TITLE STATEMENT | |
| Title | Community mental health and the criminal justice system/ |
| Statement of responsibility, etc. | John Monahan. |
| 260 ## - PUBLICATION, DISTRIBUTION, ETC. | |
| Place of publication, distribution, etc. | New York |
| Name of publisher, distributor, etc. | Pergamon Press |
| Date of publication, distribution, etc. | c1976 |
| 300 ## - PHYSICAL DESCRIPTION | |
| Extent | xvi, 332 p. |
| 500 ## - GENERAL NOTE | |
| General note | Includes bibliographic references and index. |
| 650 02 - SUBJECT ADDED ENTRY--TOPICAL TERM | |
| Topical term or geographic name entry element | Community Mental Health Services |
| Form subdivision | collected works |
| 650 02 - SUBJECT ADDED ENTRY--TOPICAL TERM | |
| Topical term or geographic name entry element | Criminology |
| Form subdivision | collected works |
| 856 40 - ELECTRONIC LOCATION AND ACCESS | |
| Uniform Resource Identifier | <a href="https://openlibrary.org/works/OL2093550W/Community_mental_health_and_the_criminal_justice_system?edition=communitymentalh0000mona">https://openlibrary.org/works/OL2093550W/Community_mental_health_and_the_criminal_justice_system?edition=communitymentalh0000mona</a> |
| Link text | Online access from the Open Library. |
| Public note | Requires free sign up. |
| Withdrawn status | Lost status | Damaged status | Not for loan | Home library | Current library | Shelving location | Date acquired | Total checkouts | Full call number | Barcode | Date last seen | Price effective from | Koha item type |
|---|---|---|---|---|---|---|---|---|---|---|---|---|---|
| Franklin | Franklin | General stacks | 22/03/2026 | GEN | BC0010270 | 22/03/2026 | 22/03/2026 | Books |